|
|
|
|
| LEADER |
00000nam0a2200000 4500 |
| 001 |
34594 |
| 005 |
20231030225912.0 |
| 035 |
|
|
|a (RuTPU)RU\TPU\book\34996
|
| 035 |
|
|
|a BOOK00001647
|
| 090 |
|
|
|a 34594
|
| 100 |
|
|
|a 20011210d1982 km y0rusy50 ca
|
| 101 |
0 |
|
|a rus
|
| 102 |
|
|
|a UA
|
| 105 |
|
|
|a a z 000zy
|
| 200 |
0 |
|
|a Металловедение сварки плавлением
|f В. Ф. Грабин
|
| 210 |
|
|
|a Киев
|c Наука думка
|d 1982
|
| 215 |
|
|
|a 415 с.
|
| 610 |
1 |
|
|a сварные соединения
|
| 610 |
1 |
|
|a структуры
|
| 610 |
1 |
|
|a свойства
|
| 610 |
1 |
|
|a швы
|
| 610 |
1 |
|
|a металлография
|
| 610 |
1 |
|
|a стали
|
| 610 |
1 |
|
|a сплавы
|
| 610 |
1 |
|
|a лигирующие элементы
|
| 675 |
|
|
|a 621.791.05
|v 3
|
| 700 |
|
1 |
|a Грабин
|b В. Ф.
|g Владимир Федорович
|
| 801 |
|
0 |
|a RU
|b 63413507
|c 20011210
|g PSBO
|
| 801 |
|
2 |
|a RU
|b 63413507
|c 20081014
|g PSBO
|
| 900 |
|
|
|a Сварка специальных сталей и сплавов
|
| 942 |
|
|
|c BK
|